[Event "Bassano del Grappa Mix IM 1st"]
[Site "Bassano del Grappa"]
[Date "2021.03.21"]
[Round "9"]
[White "Marasa, Giuseppe"]
[Black "Basso, Pier Luigi"]
[Result "0-1"]
[WhiteElo "1952"]
[BlackElo "2521"]
[PlyCount "114"]
[EventDate "2021.03.17"]
[EventType "tourn"]
[EventRounds "9"]
[EventCountry "ITA"]
[SourceTitle "CBM 201 Extra"]
[Source "ChessBase"]
[SourceDate "2021.05.31"]
[SourceVersion "1"]
[SourceVersionDate "2021.05.31"]
[SourceQuality "1"]

1. d4 g6 2. e4 Bg7 3. Nc3 d5 4. exd5 Nf6 5. Nf3 Nxd5 6. Nxd5 Qxd5 7. c3 0-0 8. Be2 c5 9. dxc5 Qxc5 10. Be3 Qc7 11. 0-0 Nc6 12. Qa4 e5 13. Qh4 Ne7 14. Qc4 Nc6 15. Qh4 f6 16. Qc4+ Qf7 17. Qxf7+ Kxf7 18. Bc4+ Be6 19. Bxe6+ Kxe6 20. Rad1 Rfd8 21. Rfe1 Bf8 22. Kf1 b5 23. Ke2 a5 24. Rxd8 Rxd8 25. Rd1 Rb8 26. Nd2 f5 27. f3 a4 28. Kd3 Ne7 29. Bc5 Nd5 30. Bxf8 Rxf8 31. g3 Rd8 32. Ra1 h5 33. c4 bxc4+ 34. Nxc4 Nb6+ 35. Kc3 Nxc4 36. Kxc4 Rd2 37. b4 axb3 38. axb3 Rc2+ 39. Kb5 Rxh2 40. b4 f4 41. gxf4 exf4 42. Kc5 Rf2 43. b5 Rxf3 44. Kc4 Kd7 45. Ra7+ Kc8 46. Rg7 Rg3 47. Kc5 Rg1 48. Kc6 Rc1+ 49. Kd5 f3 50. Rf7 Rc3 51. Ke4 g5 52. Rf5 g4 53. Rxh5 f2 54. Rh8+ Kb7 55. Rh7+ Kb6 56. Rh6+ Kxb5 57. Rh1 g3 0-1